Obras completas de San Agustín. (Record no. 11637)

MARC details
000 -LEADER
campo de control de longitud fija 01197nam a2200277 i 4500
001 - NÚMERO DE CONTROL
campo de control 11637
003 - IDENTIFICADOR DE NÚMERO DE CONTROL
campo de control ES-MaACL
005 - FECHA Y HORA DE LA ÚLTIMA TRANSACCIÓN
campo de control 20250808062710.0
007 - CAMPO FIJO DE DESCRIPCIÓN FÍSICA--INFORMACIÓN GENERAL
campo de control de longitud fija t|
008 - DATOS DE LONGITUD FIJA--INFORMACIÓN GENERAL
campo de control de longitud fija 960731s1994 sp |||| | spa d
020 ## - NÚMERO INTERNACIONAL ESTÁNDAR DEL LIBRO
Número Internacional Estándar del Libro 84-7914-134-4
100 0# - ENTRADA PRINCIPAL--NOMBRE DE PERSONA
Nombre de persona Agustín
Títulos y otros términos asociados al nombre Santo, Obispo de Hipona.
9 (RLIN) 125563
245 10 - MENCIÓN DEL TÍTULO
Título Obras completas de San Agustín.
Número de parte o sección de la obra XXXIV,
Nombre de parte o sección de la obra Escritos antidonatistas (3º) /
Mención de responsabilidad, etc. introducciones, bibliografía y notas de Pedro Langa ; traducción de Santos Santamarta ; índices de Pío de Luis.
250 ## - MENCION DE EDICION
Mención de edición Ed. bilingüe.
260 ## - PUBLICACIÓN, DISTRIBUCIÓN, ETC.
Lugar de publicación, distribución, etc. Madrid :
Nombre del editor, distribuidor, etc. Biblioteca de Autores Cristianos,
Fecha de publicación, distribución, etc. 1994.
300 ## - DESCRIPCIÓN FÍSICA
Extensión XVII, 897 p. ;
Dimensiones 20 cm.
490 1# - MENCIÓN DE SERIE
Mención de serie Biblioteca de autores cristianos ;
Designación de volumen o secuencia 541
505 8# - NOTA DE CONTENIDO CON FORMATO
Nota de contenido con formato Contiene: Carta a los católicos sobre la secta donatista (La unidad de la Iglesia).- Réplica al gramático Cresconio, donatista.- Actas del debate con el donatista Emérito.- Réplica a Gaudencio, obispo donatista
650 #4 - PUNTO DE ACCESO ADICIONAL DE MATERIA--TÉRMINO DE MATERIA
Término de materia o nombre geográfico como elemento de entrada Donatistas.
9 (RLIN) 168706
700 1# - ENTRADA AGREGADA--NOMBRE PERSONAL
Nombre de persona Langa, Pedro.
9 (RLIN) 70007
700 1# - ENTRADA AGREGADA--NOMBRE PERSONAL
Nombre de persona Santamarta, Santos.
9 (RLIN) 103321
700 1# - ENTRADA AGREGADA--NOMBRE PERSONAL
Nombre de persona Luis, Pío de.
9 (RLIN) 74684
830 00 - PUNTO DE ACCESO ADICIONAL DE SERIE-TÍTULO UNIFORME
Título uniforme Biblioteca de autores cristianos
Designación de volumen o secuencia 541
9 (RLIN) 178679
852 ## - LOCALIZACIÓN
Ubicación ES-MaACL
Número de control de estantería J-528
Holdings
Estatus retirado Estado de pérdida Estado de daño No para préstamo Biblioteca de origen Biblioteca actual Ubicación en estantería Fecha de adquisición Fuente de adquisición Total de préstamos Signatura topográfica completa Código de barras Visto por última vez Precio de reemplazo Tipo de ítem Koha
        Biblioteca del Ateneo de Madrid Biblioteca del Ateneo de Madrid Depósito 2 17/01/2008     J-528 1011861 23/02/2023 23/02/2023 Libro impreso